Senja bergaris merah
| Main Author: | |
|---|---|
| Format: | Book |
| Published: |
Singapura :
Pustaka Nasional Pte.Ltd. ,
1980
|
| Subjects: |
MARC
| LEADER | 00000cam a2200000 7i4500 | ||
|---|---|---|---|
| 001 | 0000007987 | ||
| 002 | 000008699 | ||
| 005 | 20000330.0 | ||
| 020 | |a T000000660 | ||
| 090 | 0 | 0 | |a 899.2 |b REJ |
| 100 | 0 | |a Rejab F.I | |
| 245 | 1 | 0 | |a Senja bergaris merah |c Rejab F.I |
| 260 | |a Singapura : |b Pustaka Nasional Pte.Ltd. , |c 1980 | ||
| 300 | |a 82 p. ; |c 22 cm. | ||
| 650 | 0 | 0 | |a Malay poetry |
| 999 | |a 0011728 |b BUKU |c PINJAMAN |e PERPUSTAKAAN KOMUNITI PETALING JAYA | ||